Music Quiz

Random Music or Rock Quiz

VH1's 100 Greatest Hard Rock Songs Quiz Stats

Quiz not verified by Sporcle

Challenge
Share
Tweet
Embed
Score 0/100 Timer 20:00
0 Plays Today
Artist Song % Correct
Guns N' RosesWelcome To The Jungle
88%
NirvanaSmells Like Teen Spirit
82.4%
AC/DCBack In Black
81.9%
MetallicaEnter Sandman
75.5%
Black SabbathParanoid
67.6%
Deep PurpleSmoke On The Water
66.7%
AerosmithWalk This Way
61.6%
Ozzy OsbourneCrazy Train
59.3%
Alice CooperSchool's Out
57.4%
MotorheadAce Of Spades
56.5%
RushTom Sawyer
56%
Lynyrd SkynyrdFree Bird
56%
Blue Oyster CultDon't Fear The Reaper
54.6%
ScorpionsRock You Like A Hurricane
51.9%
The WhoMy Generation
51.4%
The WhoWon't Get Fooled Again
50.9%
SteppenwolfBorn To Be Wild
50.9%
Led ZeppelinWhole Lotta Love
49.5%
KISSRock And Roll All Nite
49.5%
Led ZeppelinKashmir
49.1%
SoundgardenBlack Hole Sun
49.1%
SurvivorEye Of The Tiger
48.6%
The White StripesSeven Nation Army
48.6%
Boston More Than A Feeling
48.1%
Twister SisterI Wanna Rock
47.7%
Def LeppardPhotograph
45.4%
The KinksYou Really Got Me
45.4%
Iron MaidenRun To The Hills
44.4%
Faith No MoreEpic
44.4%
Quiet RiotCum On Feel The Noize
44%
EuropeThe Final Countdown
44%
FoghatSlow Ride
43.5%
Motley CrueDr. Feelgood
42.6%
Bon JoviYou Give Love A Bad Name
42.6%
Artist Song % Correct
Pearl JamEven Flow
42.6%
Living ColourCult Of Personality
42.6%
Billy IdolRebel Yell
42.6%
KansasCarry On Wayward Son
42.6%
Judas PriestBreaking The Law
42.1%
The RamonesBlitzkrieg Bop
42.1%
HeartBarracuda
42.1%
WarrantCherry Pie
41.7%
Foo FightersEverlong
41.2%
Jethro TullAqualung
41.2%
Ted NugentCat Scratch Fever
40.7%
Van HalenHot For Teacher
39.4%
RattRound And Round
38.9%
Van HalenRunnin' With The Devil
38.4%
CreamSunshine Of Your Love
38.4%
Sammy HagarI Can't Drive 55
38.4%
KornFreak On A Leash
38%
Red Hot Chili PeppersGive It Away
36.6%
EvanescenceBring Me To Life
36.6%
Stone Temple PilotsInterstate Love Song
36.1%
Marilyn MansonThe Beautiful People
35.2%
Smashing PumpkinsBullet With Butterfly Wings
34.3%
Iron ButterflyIn-A-Gadda-Da-Vida
33.8%
DioHoly Diver
33.8%
Green DayBasket Case
33.3%
The ClashShould I Stay Or Should I Go
33.3%
Skid Row18 And Life
33.3%
Billy SquierThe Stroke
32.4%
The Edgar Winter GroupFrankenstein
32.4%
Joan JettBad Reputation
31.5%
Jimi Hendrix Experience/Jimi HendrixHey Joe
31%
Pat BenatarHeartbreaker
31%
PoisonTalk Dirty To Me
30.6%
MegadethPeace Sells
29.6%
Artist Song % Correct
The DarknessI Believe In A Thing Called Love
29.6%
CreedHigher
29.6%
ForeignerHot Blooded
29.2%
Thin LizzyJailbreak
29.2%
Alice In ChainsWould?
28.2%
The RunawaysCherry Bomb
27.3%
ZZ TopTush
27.3%
Jane's AddictionMountain Song
27.3%
Grand Funk RailroadWe're An American Band
27.3%
White ZombieMore Human Than Human
26.9%
Andrew W.K. Party Hard
26.4%
Lita FordKiss Me Deadly
25.9%
WingerSeventeen
25.5%
Bad CompanyFeel Like Makin' Love
25%
JourneyAny Way You Want It
24.5%
WhitesnakeStill Of The Night
24.1%
AutographTurn Up The Radio
24.1%
AC/DCDirty Deeds Done Dirt Cheap
23.6%
Kid RockBawitdaba
23.6%
Velvet RevolverSlither
23.1%
MC5Kick Out The Jams
21.3%
QueenStone Cold Crazy
20.8%
BuckcherryLit Up
20.8%
AnthraxMadhouse
19.9%
Rollins BandLiar
19.4%
The StoogesSearch And Destroy
19%
Black SabbathHeaven And Hell
19%
The CultLove Removal Machine
17.6%
Night RangerDon't Tell Me You Love Me
17.6%
RainbowSince You Been Gone
15.7%
DokkenBreaking The Chains
13.4%
W.A.S.P.I Wanna Be Somebody
12%

You're not logged in!

Compare scores with friends on all Sporcle quizzes.
Sign Up with Email
OR
Log In

You Might Also Like...

Show Comments

Extras

Top Quizzes Today


Score Distribution

Your Account Isn't Verified!

In order to create a playlist on Sporcle, you need to verify the email address you used during registration. Go to your Sporcle Settings to finish the process.

Report this User

Report this user for behavior that violates our Community Guidelines.

Details: